00326 a2200109 4500001001000000005001700010008004100027245004600068100002700114773005800141999001700199ART_1068920260410161718.0260409a 10aEl Defensor del Pueblo y el caso judicial1 aToricelli, Maximiliano0 tDerecho administrativog- NÂș 80 (abr. 2012)wREV1721 c16704d16704